000 01353nam a2200241 a 4500
001 000042365
005 20201002040115.0
008 131127s2012 cr ad 001 0 spa d
020 _a9789968809870
040 _aDO-SdBNP
_bspa
_cBNPHU
082 _a324.272
_bE56m
111 2 _aEncuentros Regionales de Partidos Políticos y Agenda Municipal en Centroamérica y República Dominicana
_n(7:
_d2012 :
_cSan José?)
_969441
245 1 0 _aMemoria de los VII encuentros regionales de partidos políticos y agenda municipal en Centroamérica y República Dominicana.
260 _aSan José, Costa Rica :
_bFundación DEMUCA,
_c2012.
300 _a88 p. :
_bil., tabls. ;
_c28 cm.
505 0 _aPresentación --
_tContexto de promoción de la agenda municipal en Centroamérica y República Dominicana --
_tLos encuentros regionales de partidos políticos y agenda municipal --
_tBalance de resultados --
_tRetos y líneas futuras de trabajo --
_gBibliografía.
590 _aInventariado, 2019/MFF
650 4 _aPartidos políticos
_vCONGRESOS, CONFERENCIAS, ETC.
_969442
650 4 _aGobierno local
_zAmérica Central
_vCONGRESOS, CONFERENCIAS, ETC.
_969443
650 4 _aDemocracia
_vCONGRESOS, CONFERENCIAS, ETC.
_953676
651 4 _aAmérica Central
_xPolítica Y Gobierno
_vCONGRESOS, CONFERENCIAS, ETC.
_969444
910 _aValidado. Control de calidad EMS.
999 _c41854
_d41854